000
00293nam a2200109Ia 4500
008
220204s9999 xx 000 0 und d
082
_a
338.93(035)
_b
MEH
100
_a
Mehan, K K
245
0
_a
Small industry entrepreneurs handbook
260
_a
Bombay
_b
Productivity services
_c
1973
942
_c
BK
999
_c
23148
_d
23148